Statistics for Car Radio Lyrics - Twenty One Pilots

Click here to take the quiz!

General Stats

  • This quiz has been taken 3,299 times
  • The average score is 255 of 337

Answer Stats

% Correct
I
99%
my
98%
so
98%
and
97%
the
96%
car
96%
in
95%
of
95%
radio
95%
no
95%
sit
94%
to
94%
silence
93%
will
93%
with
93%
it
92%
just
92%
stole
92%
now
91%
on
91%
somebody
90%
me
90%
know
89%
ponder
89%
great
89%
lungs
89%
fill
89%
time
89%
fire
88%
something
88%
then
88%
deflate
88%
they
87%
have
87%
it's
87%
desire
87%
thoughts
86%
'cause
86%
replace
86%
often
86%
that
86%
'Cause
86%
exhale
85%
today
85%
what
85%
bought
84%
these
84%
dire
83%
is
83%
once
82%
slot
82%
ought
82%
there
81%
this
80%
be
79%
hide
78%
There's
73%
there's
73%
find
73%
inside
70%
for
70%
sound
68%
thing
68%
I'm
68%
sometimes
68%
who
68%
quiet
67%
violent
67%
killed
66%
driving
66%
reminding
66%
skin
66%
hard
66%
dream
65%
longer
65%
hate
65%
scream
64%
sleeve
64%
behind
64%
terrifying
64%
pride
62%
hiding
61%
we
61%
feel
61%
real
60%
one
60%
deal
59%
wheel
58%
forced
58%
human
57%
pull
56%
steering
56%
mask
56%
distraction
56%
fear
55%
think
54%
do
54%
oh
53%
course
53%
could
52%
like
50%
we're
49%
over
49%
existence
49%
all
48%
battling
47%
dear
47%
consists
46%
please
46%
don't
45%
had
45%
when
45%
better
44%
stop
44%
can
43%
why
43%
liked
42%
here
42%
thinking
42%
if
42%
consistence
42%
deep
41%
too
41%
are
39%
from
38%
things
37%
our
36%
faith
36%
but
35%
because
35%
need
33%
peace
33%
sleep
33%
awake
32%
win
32%
try
32%
alive
31%
lose
31%
two
30%
pick
29%
us
29%
choose
28%
am
28%
only
27%
you
27%
every
25%
rhyme
24%
work
24%
come
23%
across
23%
dying
22%
let
21%

Score Distribution

Percentile by Number Answered

Percent of People with Each Score

Your Score History

You have not taken this quiz